Une politique : Une politique fonciere pour la croissance et la lutte contre la pauvrete

Gorde:
Xehetasun bibliografikoak
Egile nagusia: Deininger, Klaus
Formatua: Liburua
Hizkuntza:Undetermined
Argitaratua: Washington The World Bank 2005
Gaiak:
Etiketak: Etiketa erantsi
Etiketarik gabe, Izan zaitez lehena erregistro honi etiketa jartzen!
Thư viện lưu trữ: Trung tâm Học liệu Trường Đại học Cần Thơ
LEADER 00547nam a2200193Ia 4500
001 CTU_76027
008 210402s9999 xx 000 0 und d
082 |a 362.57 
082 |b D324 
100 |a Deininger, Klaus 
245 0 |a Une politique : 
245 0 |b Une politique fonciere pour la croissance et la lutte contre la pauvrete 
245 0 |c Klaus Deininger 
260 |a Washington 
260 |b The World Bank 
260 |c 2005 
650 |a Poverty 
904 |a Trọng Hải 
980 |a Trung tâm Học liệu Trường Đại học Cần Thơ